00680cam a2200193Mi 450000500170000000800410001702000180005804000500007604100080012610000210013424500960015526000680025130000240031950400530034363000120039665000430040865000250045165000100047620150325100111.0150325s2011 enk fr 001 0 eng d a9780199836741 aCO-BoUCMbspacJose A. GerenadJose A. Gerena0 aeng1 aSardar, Ziauddin10aReading the Qur'anbthe contemporary relevance of the sacred text of IslamcZiauddin Sardar aOxford (Oxfordshire, Inglaterra)bOxford University pressc2011 axxii, 406 páginas aIncluye referencias bibliográficas e índices04aCorán 7aCorán xCrítica e interpretación 7aCorán xEneñanza 7aIslam